Analýza vplyvu relevantných faktorov na intenzitu práce slovenských domácností bakalárska práca

Guardado en:
Detalles Bibliográficos
Autor principal: Nemčíková, Ivana
Autor Corporativo: Fakulta hospodárskej informatiky EU. Katedra štatistiky
Otros Autores: Košíková, Martina, 1997-
Formato: Libro
Lenguaje:eslovaco
Publicado: Bratislava 2024
Etiquetas: Agregar Etiqueta
Sin Etiquetas, Sea el primero en etiquetar este registro!

MARC

LEADER 00000nbm a2200000 4500
001 0302580
005 20250130091220.8
041 0 |a slo 
044 |a SK 
245 1 0 |a Analýza vplyvu relevantných faktorov na intenzitu práce slovenských domácností  |b bakalárska práca  |c Ivana Nemčíková ; školiteľ: Martina Košíková 
264 1 |a Bratislava  |c 2024 
300 |a 54 s. 
100 1 |a Nemčíková, Ivana 
700 1 |a Košíková, Martina, 1997- 
710 2 |a Fakulta hospodárskej informatiky EU. Katedra štatistiky